Normal view MARC view

Entry Personal Name

Number of records used in: 1

001 - CONTROL NUMBER

  • control field: 8973

003 - CONTROL NUMBER IDENTIFIER

  • control field: DLC

005 - DATE AND TIME OF LATEST TRANSACTION

  • control field: 20220106112045.0

008 - FIXED-LENGTH DATA ELEMENTS

  • fixed length control field: 910708n| azannaabn |a aaa

010 ## - LIBRARY OF CONGRESS CONTROL NUMBER

  • LC control number: n 91066873

035 ## - SYSTEM CONTROL NUMBER

  • System control number: (OCoLC)oca02978555

040 ## - CATALOGING SOURCE

  • Original cataloging agency: DLC
  • Language of cataloging: eng
  • Transcribing agency: DLC
  • Description conventions: rda
  • Modifying agency: IWhN
  • Modifying agency: AzTeS
  • Modifying agency: OCoLC
  • Modifying agency: NjP

100 1# - HEADING--PERSONAL NAME

  • Personal name: Lane, Brian

372 ## - FIELD OF ACTIVITY

  • Field of activity: Small presses
  • Field of activity: Graphic arts
  • Field of activity: Publishers and publishing
  • Source of term: lcsh

374 ## - OCCUPATION

  • Occupation: Graphic artists
  • Occupation: Artists
  • Source of term: lcsh

400 1# - SEE FROM TRACING--PERSONAL NAME

  • Personal name: ブライアン・レーン

510 2# - SEE ALSO FROM TRACING--CORPORATE NAME

  • Control subfield: r
  • Relationship information: Founded corporate body of person:
  • Corporate name or jurisdiction name as entry element: Editions Brian Lane

670 ## - SOURCE DATA FOUND

  • Source citation: His Murder update, 1991:
  • Information found: CIP t.p. (Brian Lane)

670 ## - SOURCE DATA FOUND

  • Source citation: The printed performance, c2001: t.p. (Brian Lane) p. 154-155 (Brian Peter Lane, b. 16 Aug. 1942 at St. Albans; graphic artist, small press printer & publisher, writer on crime and mysteries; d. 25 Oct. 1999)

Powered by Koha